000 00455nmm a2200169Ia 4500
008 251105s9999||||xx |||||||||||||||||und||
020 _a9788499214115
041 _aspa
100 _aGuadalupe, Ricardo
245 0 _aRelatos con abrelatas
264 _a[Madrid, España] :
_bOctaedro,
_c2013
300 _a101 páginas
490 _aBolsillo
650 _aSpanish narrative
856 _uhttps://public.digitaliapublishing.com/a/30507
942 _cCF
999 _c92507
_d92507